000 00439nam a2200169Ia 4500
008 131103s9999 xx 000 0 und d
020 _a0 7131 1355 3
040 _aLoreto College
041 _aEnglish
082 _aF/REI
_bLCBED/6633
245 _aForty short short stories
260 _aLondon
_bEdward arnold
_c1972
300 _a173p
_c 19cm.
440 _aThe world of english :prose
650 _aEnglish fiction
942 _cBK
999 _c33173
_d83652